วิทยาลัยพยาบาลบรมราชชนนี ยะลา
ระบบห้องสมุดอัตโนมัติ ULIBM BCNYALA - V.6
เปลี่ยนเป็นภาษาไทย

Change to English
 แสดงรายละเอียดบรรณานุกรม
  กลับหน้าหลัก

Brief Record : Get Marc (ISO 2709) : E-mail record : QR code ปิดหน้าต่าง
LEADER 00000nam 2200000uu 4500
001    3859
003     ULIBM
008    260616s2012||||th 000 0 tha d
020    9780763771805
060 04 ^aWB100^bS425c
100 1  Scott,Pamela Moyers
245 00 ^aCases in Clinical Medicine/^cPamela Moyers Scott
260    ^aSudbury :^bJones and Bartlett Learning,^c2012.
300    ^axv,484p. :^bill ;^c28cm.
650  7 Clinical Medicine ^xCase Studies
999    ^aฮัซวานี
รายการนี้ยังไม่มีแท็ก
คุณยังไม่ได้ล็อกอิน คุณสามารถมีกิจกรรมร่วมกับเว็บไซต์ได้ แต่ต้องล็อกอินก่อน ::
  ล็อกอิน
ลำดับที่ ประเภท เลขเรียก สถานที่ สถานะ
1. หนังสือภาษาอังกฤษทางการพยาบาล
หนังสือภาษาอังกฤษทางการพยาบาล
WB100 S425c 2012 V.1 
  
ห้องสมุดวพบ.ยะลา
►หนังสือ ตำรา ทางการพยาบาล
On Shelf
  ขอยืม
   [แสดง 1/1 รายการ]

BibComment


ยังไม่เคยถูกคอมเมนท์

คอมเมนท์ทรัพยากรรายการนี้
  คอมเมนท์: Cases in Clinica..
Bib 3859

 
 
 

 Union Library Management : ULibM

ดูหนังออนไลน์

Copyright 2026. All Rights Reserved.